Distributed systems :concepts and design / (Record no. 2294)

000 -LEADER
fixed length control field 01023cam a2200301 a 4500
001 - CONTROL NUMBER
control field 16915962
003 - CONTROL NUMBER IDENTIFIER
control field OSt
005 - DATE AND TIME OF LATEST TRANSACTION
control field 20160706113748.0
008 - FIXED-LENGTH DATA ELEMENTS--GENERAL INFORMATION
fixed length control field 110811s2012 maua b 001 0 eng
010 ## - LIBRARY OF CONGRESS CONTROL NUMBER
LC control number 2011499013
020 ## - INTERNATIONAL STANDARD BOOK NUMBER
International Standard Book Number 9780273760597
020 ## - INTERNATIONAL STANDARD BOOK NUMBER
International Standard Book Number 0132143011
040 ## - CATALOGING SOURCE
Original cataloging agency DLC
Transcribing agency DLC
Modifying agency DLC
042 ## - AUTHENTICATION CODE
Authentication code pcc
050 00 - LIBRARY OF CONGRESS CALL NUMBER
Classification number QA76.9.D5D613 2012
082 00 - DEWEY DECIMAL CLASSIFICATION NUMBER
Classification number 005.4/476
Edition number 23
245 00 - TITLE STATEMENT
Title Distributed systems :concepts and design /
Statement of responsibility, etc George Coulouris ... [et al.].
250 ## - EDITION STATEMENT
Edition statement 5th ed.
260 ## - PUBLICATION, DISTRIBUTION, ETC. (IMPRINT)
Place of publication, distribution, etc Boston :
Name of publisher, distributor, etc Addison-Wesley,
Date of publication, distribution, etc c2012.
300 ## - PHYSICAL DESCRIPTION
Extent xvi, 1063 p. :
Other physical details ill. ;
Dimensions 24 cm.
500 ## - GENERAL NOTE
General note Rev. ed. of: Distributed systems : concepts and design / George Coulouris. 4th ed. 2005.
504 ## - BIBLIOGRAPHY, ETC. NOTE
Bibliography, etc Includes bibliographical references (p. 967-1023) and index.
650 #0 - SUBJECT ADDED ENTRY--TOPICAL TERM
Topical term or geographic name as entry element Electronic data processing
General subdivision Distributed processing.
700 1# - ADDED ENTRY--PERSONAL NAME
Personal name Coulouris, George F.
906 ## - LOCAL DATA ELEMENT F, LDF (RLIN)
a 7
b cbc
c origcop
d 2
e ncip
f 20
g y-gencatlg
942 ## - ADDED ENTRY ELEMENTS (KOHA)
Source of classification or shelving scheme
Koha item type Book

No items available.


Riara University Library,
P.O. Box 49940-00100,
Nairobi, Kenya.